00809nam a2200205 a 450000100060000000300090000600800410001502000150005604000280007108200190009910000770011824500700019526000460026530000100031159000590032165000400038094200120042099900170043295201540044920156CO-ViMGA141112s2004 ck r 000 u spa d a9589478107 aCO-ViMGAbspacCO-ViMGA04a301.9861 C656g1 aColombia. Presidencia de la Republica. Red de gestores sociales, 92917710aGuía de comunicación para la gestión y el desarrollo social aBogotá : bFundación Cultural, c2005 a151 p aForma de adquisición : donación - - Precio : 2000014aDESARROLLO SOCIAL - COLOMBIA917055 2ddccBK c29234d29234 00102ddc40708003aMEVIECARbMEVIECARd2015-12-04hVolumen. 1 | 11/jun/2009l0o301.9861 C656g p20156r2015-12-04 00:00:00tEj. 1w2015-12-04yBK